000 00287nam a22001217a 4500
008 171011b xxu||||| |||| 00| 0 eng d
041 _aeng
080 _a316
100 _a50
101 _aSOC
245 _aBEYOND RELATIVISM SCIENCE AND HUMAN VALUES
_cROGER.D
942 _2udc
_cBK
999 _c33152
_d33152